000 00994nam a2200289 i 4500
001 C2-0306212
003 PPAK
005 20180728091656.0
008 101017s2010 my a|||| ||||| | eng d
020 _a9789833663477
040 _aPPAK
_beng
_cPPAK
_erda
082 0 4 _a700.720595
_223
090 0 0 _a700.720595
_bMAL
_dR
110 2 _aMalaysia.Kementerian Pendidikan Tinggi
245 0 0 _aArts and literature
_bfundamental research grant scheme (FRGS) phase 1/ 2006
264 1 _aPutrajaya :
_bUniversity Putra Malaysia ,
_c2010
300 _a196 pages :
_bcolour photographs ;
_c26 cm
336 _2rdacontent
_atext
337 _2rdamedia
_aunmediated
338 _2rdacarrier
_avolume
490 1 _aDirectory of research projects
500 _aPhase 1/2006 ; PPAK ada : 1/2006, 2011 dan 1/2012
650 1 0 _aArts - Research - Malaysia - Abstracts.
710 2 _aMalaysia.Kementerian Pendidikan Tinggi
_eorganizer
830 0 _aDirectory of research projects
942 _ddc
_cB
999 _c109132
_d109132